Banderas de las comunidades y ciudades autónomas de España - Estadísticas

Estadísticas generales
  • Esta prueba ha sido intentada 120 veces
  • La puntuación promedio es 17 de 19
Estadísticas de respuestas
Imagen Respuesta % Correcto
Cataluña
97%
Aragón
96%
Comunidad de Madrid
95%
Comunidad Valenciana
92%
Principado de Asturias
92%
Andalucía
91%
Comunidad Foral de Navarra
91%
Extremadura
91%
Islas Baleares
91%
Castilla y León
90%
Islas Canarias
87%
La Rioja
87%
País Vasco
85%
Cantabria
83%
Ceuta
83%
Galicia
83%
Castilla-La Mancha
81%
Región de Murcia
79%
Melilla
77%
No se encontraron pruebas coincidentes
Distribución de puntuación
Porcentaje de gente con cada puntuación
Porcentaje por número respondido
Historial de tus puntuaciones
No has intentado esta prueba.